[Event "3rd Costa Brava"]
[Site "Sant Feliu de Guixols ESP"]
[Date "1975.09.03"]
[Round "1"]
[White "Garcia Martinez, Silvino"]
[Black "Pomar Salamanca, Arturo"]
[Result "1-0"]
[WhiteElo "2445"]
[BlackElo "2450"]
[EventDate "1975.09.02"]
[PlyCount "49"]

1.d4 Nf6 2.c4 e6 3.Nc3 Bb4 ( {Román Toran: La defensa Nimzoindia. Las 
alternativas son:} 3...c5 4.d5 exd5 5.cxd5 d6 6.Nf3 g6 {, conduciría a la 
defensa Indo-Benoni;} ) ( {O bien} 3...d5 {, con lo que se llegaría al 
gambito de dama, con la defensa Ortodoxa.} ) 4.e3 O-O 5.Bd3 c5 6.Nf3 d5 7.
O-O dxc4 ( {Román Torán: Estamos en la variante Rubinstein, que es la más 
que se ha practicado. contra esta defensa, en los últimos treinta 
aÅâ€žos. En este momento, otra posibilidad es} 7...Nc6 {, manteniendo 
temporalmente la presión central.} ) 8.Bxc4 Nc6 ( {Román Torán: El 
campeón mundial, Kárpov, está jugando actualmente} 8...b6 {, con gran 
frecuencia.} ) ( {También son interesantes las continuaciones} 8...Nbd7 {;
} ) ( {Y, la más compleja,} 8...Qe7 {.} ) 9.Bd3 ( {Con} 9.a3 Bxc3 10.bxc3 
Qc7 {, se llegaría a la famosa "variante Zurich", que tantas veces se 
jugó en el Torneo de Candidatos de 1953, en la citada ciudad suiza.} ) 
9...cxd4 10.exd4 Be7 $6 ( {Es evidente que no se puede capturar el peón, 
ya que si} 10...Nxd4 $2 11.Nxd4 Qxd4 12.Bxh7+ {, ganaría la dama. Ahora 
las blancas tienen un juego más brillante y ventaja de espacio, mientras 
que las negras, como única compensación, cuentan con la debilidad teórica 
del peón central blanco <<aislado>>, sin protección de otros peones, pero 
tienen dificultades para completar su desarrollo de piezas y poder ejercer
una presión fuerte sobre el mismo.} ) 11.a3 {[Evita un eventual . ..Cb4, 
ante las maniobra que se realizará en las jugadas 13 y 14. ]} 11...b6 12.
Re1 Bb7 13.Bc2 Rc8 14.Qd3 {[Román Torán: Así queda montado el <<tren>>, 
ataque temático en este tipo de posiciones sobre el enroque, que deja 
latente múltiples amenazas, como Ag5 y la que veremos en la partida.]} 
14...Re8 $2 ( {Es absolutamente necesario jugar inmediatamente} 14...g6 {,
interceptando la acción de la dama y el alfil enemigos sobre el punto "h7"
y, a} 15.Bh6 Re8 {. Este mismo error fue cometido por el gran maestro 
Balashov, en una partida contra Petrosian, en el último Campeonato 
Soviético por equipos.} ) 15.d5 $1 {[Este sacrificio de peón da al ataque 
blanco un notable impulso, al abrir importantes vías de penetración a las 
piezas sobre el ala de rey, especulando en que, no es posible 15...Cxd5, 
por la amenaza citada sobre "h7".]} 15...exd5 16.Bg5 $1 Ne4 ( {Ahora ya no
sirve} 16...g6 {, que es la defensa natural contra <<el tren>>, a causa de
la maniobra} 17.Rxe7 $1 Qxe7 18.Nxd5 {, que gana de forma fulminante. 
Pomar elige la mejor defensa ante la amenaza 17.Axf6, seguido de la 
penetración de la dama blanca.} ) 17.Nxe4 dxe4 18.Qxe4 g6 19.Qh4 $1 {
[Ahora el enroque negro está muy debilitado y mal defendido contra la 
superioridad numérica con que cuentan las blancas en el flanco de rey. ]} 
19...Qc7 20.Bb3 $1 {[Plantea la amenaza directa 21. Axf7+ Rxf7 22.Dxh7+ 
Rf8 23.Ah6 mate, lo que obliga a crear nuevas debilidades , especulando 
con la clavada del pen el enroque negro. ]} 20...h5 21.Qe4 Kg7 22.Bxf7 $1 
Kxf7 23.Bh6 $1 {[La clave de la maniobra al amenazar De6 y Dd5, mate. ]} 
23...Bd6 ( {No hay defensa, al no ser posible la retirada} 23...Kg8 {, por
} 24.Qxg6+ {, seguido de mate.} ) 24.Ng5+ Kf6 25.Nh7+ ( 25.Nh7+ $1 {. Y 
las negras abandonaron ya que si} 25...Kf7 {, seguiría} 26.Qd5+ {y mate a 
la jugada siguiente.} ) 1-0

[Event "3rd Costa Brava"]
[Site "Sant Feliu de Guixols ESP"]
[Date "1975.09.03"]
[Round "1"]
[White "Vaganian, Rafael"]
[Black "Szabo, Laszlo"]
[Result "0-1"]
[WhiteElo "2530"]
[BlackElo "2545"]
[EventDate "1975.09.02"]
[PlyCount "86"]

1.d4 Nf6 2.c4 c5 3.d5 b5 4.cxb5 a6 5.Nc3 axb5 6.e4 b4 7.Nb5 d6 8.Bf4 Nbd7 
9.Nf3 Nh5 10.Bg5 Nhf6 11.Rc1 Nxe4 12.Bf4 Ndf6 13.Bd3 g6 14.Qe2 Bg7 15.Nd2 
O-O 16.Nxe4 Nxe4 17.Bxe4 Rxa2 18.Rb1 Ba6 19.Bd3 Qb6 20.O-O Ra5 21.Qxe7 
Bxb5 22.Bxb5 Qxb5 23.Bxd6 Re8 24.Qc7 c4 25.Rfd1 b3 26.Be7 Raa8 27.d6 Rec8 
28.Ra1 Be5 29.f4 Rab8 30.Qxb8 Rxb8 31.d7 Qxd7 32.Rxd7 Bxb2 33.Rad1 Kg7 34.
Bd6 Bf6 35.g4 b2 36.g5 Bd4+ 37.Kg2 c3 38.Be7 Re8 39.Bf6+ Bxf6 40.gxf6+ 
Kxf6 41.Rc7 Re2+ 42.Kf3 c2 43.Rdd7 Re3+ 0-1

[Event "3rd Costa Brava"]
[Site "Sant Feliu de Guixols ESP"]
[Date "1975.09.04"]
[Round "2"]
[White "Garcia Martinez, Silvino"]
[Black "Lombard, Andre"]
[Result "1-0"]
[WhiteElo "2445"]
[BlackElo "2405"]
[EventDate "1975.09.02"]
[PlyCount "131"]

{Pemio al mejor final} 
1.e4 c5 2.Nf3 e6 3.d4 cxd4 4.Nxd4 Nf6 5.Nc3 d6 6.Be2 Be7 7.f4 Nc6 8.Be3 
Bd7 9.Nb3 O-O 10.O-O Qc7 11.Rf2 Rfd8 12.Bf3 Na5 13.Nxa5 Qxa5 14.g4 Bc6 15.
g5 Nd7 16.a3 Qc7 17.Qf1 Nb6 18.Rd1 d5 19.exd5 Nxd5 20.Bxd5 Bxd5 21.Nxd5 
Rxd5 22.Rxd5 exd5 23.Qb5 Qc6 24.Qxc6 bxc6 25.c4 dxc4 26.Rc2 a6 27.Rxc4 Rc8
28.Kf2 f6 29.Bc5 Kf7 30.Bxe7 Kxe7 31.gxf6+ Kxf6 32.Rc5 Ke6 33.b4 Kd6 34.
Ra5 Ra8 35.Kf3 Kc7 36.Rh5 h6 37.Re5 Kd6 38.h4 Ra7 39.h5 Rb7 40.Kg4 Rf7 41.
Ra5 Ke6 {[Partida suspendida]} 42.Rxa6 Kd5 43.Ra5+ Kd6 44.Ra8 Kd5 45.Ra5+ 
Kd6 46.Re5 Rf8 47.Re3 Rf7 48.Rd3+ Ke6 49.a4 Rb7 50.Rd4 Ra7 51.a5 c5 52.
Re4+ Kd7 53.Kf5 cxb4 54.Rxb4 Rxa5+ 55.Kg6 Ra1 56.Rb7+ Ke8 57.Kxg7 Rf1 58.
Rb4 Rg1+ 59.Kf6 Ra1 60.f5 Ra6+ 61.Kg7 Ra7+ 62.Kg6 Ra1 63.Rb8+ Kd7 64.Rh8 
Rb1 65.f6 Rg1+ 66.Kf7 1-0

[Event "3rd Costa Brava"]
[Site "Sant Feliu de Guixols ESP"]
[Date "1975.09.04"]
[Round "2"]
[White "Sigurjonsson, Gudmundur"]
[Black "Benko, Pal"]
[Result "1-0"]
[WhiteElo "2475"]
[BlackElo "2515"]
[EventDate "1975.09.02"]
[PlyCount "37"]

1.e4 c5 2.Nf3 e6 3.d4 cxd4 4.Nxd4 Nf6 5.Nc3 d6 6.Be2 a6 7.f4 Qc7 8.O-O Be7
9.Be3 b5 $2 ( 9...Nc6 ) ( 9...O-O ) 10.e5 $1 dxe5 11.fxe5 Qxe5 $2 ( 11...
Nfd7 12.Bf3 Bb7 13.Bxb7 Qxb7 14.Qg4 g6 15.Bh6 $16 ) 12.Bf4 Qc5 13.Bf3 Nd5 
$6 ( 13...Qa7 $5 ) 14.Nxd5 exd5 15.b4 $1 Qc4 16.Re1 $18 Kf8 17.c3 $1 {[/\ 
18. Be2 Qc3 19. Rc1]} 17...Bd7 18.Qd2 Qc8 ( 18...Nc6 19.Be2 ) 19.Bxd5 ( 
19.Bxd5 Nc6 20.Qe3 Bf6 21.Nxc6 Bxc6 22.Qc5+ $18 ) 1-0

[Event "3rd Costa Brava"]
[Site "Sant Feliu de Guixols ESP"]
[Date "1975.09.05"]
[Round "3"]
[White "Vaganian, Rafael"]
[Black "Sigurjonsson, Gudmundur"]
[Result "1-0"]
[WhiteElo "2530"]
[BlackElo "2475"]
[EventDate "1975.09.02"]
[PlyCount "81"]

1.d4 g6 2.c4 Nf6 3.Nc3 Bg7 4.e4 d6 5.Nf3 O-O 6.Be2 e5 7.O-O Nbd7 8.Re1 c6 
9.Bf1 a5 10.Be3 Ng4 11.Bg5 f6 12.Bh4 Qb6 13.h3 Nh6 14.Na4 Qa7 15.Rc1 exd4 
16.Qxd4 Nc5 17.Nxc5 dxc5 18.Qe3 Nf7 19.Rcd1 a4 20.Qc3 Ng5 21.Qa3 Nf7 22.e5
fxe5 23.Be7 Re8 24.Bxc5 Qa5 25.Bd3 Be6 26.Nd2 Qa6 27.Qb4 Qa5 28.Qxa5 Rxa5 
29.Bb6 Raa8 30.Ne4 Kf8 31.Nc5 Bc8 32.Bc2 a3 33.b4 Re7 34.b5 cxb5 35.cxb5 
Bf5 36.Bb3 h5 37.f3 h4 38.Ne4 Rd7 39.Rxd7 Bxd7 40.Rd1 Bf5 41.Bd5 1-0

[Event "3rd Costa Brava"]
[Site "Sant Feliu de Guixols ESP"]
[Date "1975.09.06"]
[Round "4"]
[White "Garcia Martinez, Silvino"]
[Black "Vaganian, Rafael"]
[Result "1/2-1/2"]
[WhiteElo "2445"]
[BlackElo "2530"]
[EventDate "1975.09.02"]
[PlyCount "86"]

1.c4 Nf6 2.Nc3 e5 3.Nf3 Nc6 4.d3 g6 5.g3 Bg7 6.Bg2 O-O 7.O-O d6 8.Rb1 a5 
9.a3 Bf5 10.Nd2 Qd7 11.b4 axb4 12.axb4 Bh3 13.b5 Bxg2 14.Kxg2 Nd4 15.e3 
Ne6 16.Nf3 Nc5 17.Bb2 Rfe8 18.e4 c6 19.Re1 Nh5 20.Ra1 Rxa1 21.Bxa1 Ra8 22.
Bb2 Qg4 23.Kh1 f5 24.Nh4 Bf6 25.Ng2 Qh3 26.exf5 gxf5 27.bxc6 bxc6 28.Qf3 
e4 29.dxe4 fxe4 30.Nxe4 Nxe4 31.Qxe4 Bxb2 32.Qxc6 Rf8 33.Qxd6 Qf5 34.Re2 
Bc3 35.Nh4 Qg4 36.Qd5+ Kh8 37.Qd3 Bf6 38.Nf5 Qh3 39.Re1 Bb2 40.Qc2 Be5 41.
Ne3 Bd4 42.Qe4 Bc3 43.Rd1 Nf6 1/2-1/2

[Event "3rd Costa Brava"]
[Site "Sant Feliu de Guixols ESP"]
[Date "1975.09.06"]
[Round "4"]
[White "Lombard, Andre"]
[Black "Benko, Pal"]
[Result "0-1"]
[WhiteElo "2405"]
[BlackElo "2515"]
[EventDate "1975.09.02"]
[PlyCount "78"]

1.d4 Nf6 2.c4 c5 3.d5 b5 4.cxb5 a6 5.bxa6 Bxa6 6.Nc3 d6 7.f4 g6 8.Nf3 Bg7 
9.e4 Bxf1 10.Rxf1 O-O 11.Kf2 Nbd7 12.Kg1 Qb6 13.Qe1 Qb7 14.Bd2 c4 15.e5 
dxe5 16.fxe5 Nxd5 17.e6 Qb6+ 18.Kh1 Qxe6 19.Qh4 N5f6 20.Rae1 Qg4 21.Qxg4 
Nxg4 22.Rxe7 Ngf6 23.Be3 Rfb8 24.Bd4 Rxb2 25.Ne5 Nxe5 26.Bxe5 Rc2 27.g3 
Rxc3 28.Bxc3 Nd5 29.Rexf7 Nxc3 30.Rc7 Nd5 31.Rd7 Ne3 32.Re1 Re8 33.a4 c3 
34.a5 c2 35.a6 Bc3 36.Rc1 Bb2 37.Rxc2 Nxc2 38.a7 Bd4 39.Rb7 Bxa7 0-1

[Event "3rd Costa Brava"]
[Site "Sant Feliu de Guixols ESP"]
[Date "1975.09.08"]
[Round "5"]
[White "Vaganian, Rafael"]
[Black "Lombard, Andre"]
[Result "1-0"]
[WhiteElo "2530"]
[BlackElo "2405"]
[EventDate "1975.09.02"]
[PlyCount "85"]

1.Nf3 Nf6 2.c4 e6 3.Nc3 b6 4.e4 Bb7 5.d3 d6 6.g3 c5 7.Bg2 Be7 8.O-O O-O 9.
b3 Nc6 10.d4 cxd4 11.Nxd4 Nxd4 12.Qxd4 a6 13.Ba3 Qc7 14.Rfd1 Rfd8 15.Rac1 
Rab8 16.h3 Ba8 17.Bb4 Rbc8 18.a4 Ne8 19.Qe3 Bf8 20.Rd3 Nf6 21.Rcd1 Rd7 22.
g4 h6 23.Qg3 e5 24.h4 Qd8 25.Bf3 Nh7 26.Qh3 Rcc7 27.a5 Ra7 28.Ra1 Be7 29.
g5 hxg5 30.Bg4 Nf6 31.hxg5 Nxg4 32.Qxg4 bxa5 33.Bxa5 Qf8 34.Rh3 g6 35.Bb6 
Bc6 36.Bxa7 Rxa7 37.Qh4 Qg7 38.Nd5 Bxd5 39.cxd5 a5 40.Kg2 Kf8 41.Rah1 Ke8 
42.Qg4 Rc7 43.Rh7 1-0

[Event "3rd Costa Brava"]
[Site "Sant Feliu de Guixols ESP"]
[Date "1975.09.09"]
[Round "6"]
[White "Lombard, Andre"]
[Black "Ciric, Dragoljub"]
[Result "0-1"]
[WhiteElo "2405"]
[BlackElo "2460"]
[EventDate "1975.09.02"]
[PlyCount "86"]

1.d4 Nf6 2.c4 e6 3.Nc3 Bb4 4.e3 b6 5.Ne2 Ne4 6.Qc2 Bb7 7.a3 Bxc3+ 8.Nxc3 
f5 9.d5 Nxc3 10.Qxc3 Qe7 11.b4 a5 12.Be2 O-O 13.O-O exd5 14.cxd5 axb4 15.
axb4 Rxa1 16.Qxa1 Bxd5 17.b5 d6 18.Qc3 f4 19.Rd1 f3 20.Rxd5 fxe2 21.f3 Nd7
22.Qe1 Ra8 23.Qxe2 Ra1 24.Rd1 Qf7 25.Bd2 Ra2 26.Qd3 Nc5 27.Qc3 Qb3 28.
Qxb3+ Nxb3 29.Bc3 Rc2 30.Bd4 Rc4 31.Rd3 Nxd4 32.exd4 Kf7 33.d5 Rc5 34.Kf2 
Rxb5 35.Ke3 Rb2 36.Rc3 Rxg2 37.Rxc7+ Kf6 38.Rc6 Ke5 39.f4+ Kxd5 40.Rxb6 
Rxh2 41.Rb7 g6 42.Rc7 Rh3+ 43.Kf2 Ke4 0-1

[Event "3rd Costa Brava"]
[Site "Sant Feliu de Guixols ESP"]
[Date "1975.09.09"]
[Round "6"]
[White "Soos, Bela"]
[Black "Chellstorp, Craig"]
[Result "1-0"]
[WhiteElo "2425"]
[BlackElo "2380"]
[EventDate "1975.09.02"]
[PlyCount "95"]

1.c4 g6 2.Nc3 c5 3.g3 Bg7 4.Bg2 Nc6 5.e4 e6 6.Nge2 Nge7 7.d3 a6 8.O-O O-O 
9.Be3 Nd4 10.Qd2 Rb8 11.Bh6 d6 12.Bxg7 Kxg7 13.Nxd4 cxd4 14.Ne2 e5 15.f4 
Bd7 16.Rac1 Qc7 17.h3 f6 18.Kh2 h6 19.Rf2 Rbc8 20.b3 Nc6 21.b4 a5 22.b5 
Nb8 23.Rcf1 Rce8 24.Ng1 b6 25.Nf3 Bc8 26.Nh4 Nd7 27.f5 g5 28.Ng6 Rg8 29.
Bf3 Nf8 30.Bh5 Nxg6 31.Bxg6 Ref8 32.h4 Bd7 33.Qe2 Rh8 34.Rh1 Be8 35.Qh5 
Qe7 36.Kg1 Bd7 37.a4 Bc8 38.Rh3 Bd7 39.Rfh2 Rfg8 40.Qf3 Rf8 41.hxg5 fxg5 
42.Qh1 d5 43.Rxh6 Qb4 44.Rh7+ Kf6 45.Qf3 Qe1+ 46.Kg2 dxe4 47.dxe4 Qd2+ 48.
Qf2 1-0

[Event "3rd Costa Brava"]
[Site "Sant Feliu de Guixols ESP"]
[Date "1975.09.10"]
[Round "7"]
[White "Vaganian, Rafael"]
[Black "Pomar Salamanca, Arturo"]
[Result "1-0"]
[WhiteElo "2530"]
[BlackElo "2450"]
[EventDate "1975.09.02"]
[PlyCount "49"]

1.c4 Nf6 2.Nc3 c6 3.Nf3 d5 4.e3 e6 5.d4 Nbd7 6.Bd3 Be7 7.O-O O-O 8.e4 dxe4
9.Nxe4 c5 10.Nxc5 Bxc5 11.dxc5 Nxc5 12.Bc2 Qxd1 13.Rxd1 b6 14.Ne5 Bb7 15.
b4 Be4 16.Bxe4 Ncxe4 17.Bb2 h6 18.f3 Ng5 19.Nc6 Ngh7 20.a4 Rfe8 21.a5 Kf8 
22.b5 Rec8 23.axb6 axb6 24.Rxa8 Rxa8 25.c5 1-0

[Event "3rd Costa Brava"]
[Site "Sant Feliu de Guixols ESP"]
[Date "1975.09.10"]
[Round "7"]
[White "Szabo, Laszlo"]
[Black "Soos, Bela"]
[Result "1/2-1/2"]
[WhiteElo "2545"]
[BlackElo "2425"]
[EventDate "1975.09.02"]
[PlyCount "84"]

1.e4 c5 2.Nf3 g6 3.d4 cxd4 4.Nxd4 Nf6 5.Nc3 Nc6 6.Be3 Bg7 7.Be2 O-O 8.h4 
d5 9.Nxc6 bxc6 10.e5 Ne8 11.f4 f6 12.exf6 exf6 13.Bc5 Rf7 14.h5 f5 15.hxg6
hxg6 16.Qd3 Qa5 17.Qe3 Nc7 18.Bd6 Ne6 19.O-O-O Bd7 20.Qg3 Nf8 21.Rh3 Re8 
22.Rdh1 Re6 23.Qh2 Rfe7 24.Bxe7 Rxe7 25.Bd1 Be6 26.Nb1 Qxa2 27.Rb3 d4 28.
Rb8 c5 29.Qg3 Kf7 30.Re1 Qa5 31.Na3 Qc7 32.Ra8 c4 33.Re5 Bxe5 34.fxe5 Bd5 
35.Nb5 Qxe5 36.Qxe5 Rxe5 37.Rxa7+ Re7 38.Rxe7+ Kxe7 39.g4 Ne6 40.gxf5 gxf5
41.Be2 f4 42.Na3 c3 1/2-1/2

[Event "3rd Costa Brava"]
[Site "Sant Feliu de Guixols ESP"]
[Date "1975.09.12"]
[Round "8"]
[White "Vaganian, Rafael"]
[Black "Ciric, Dragoljub"]
[Result "1/2-1/2"]
[WhiteElo "2530"]
[BlackElo "2460"]
[EventDate "1975.09.02"]
[PlyCount "53"]

1.c4 e6 2.Nc3 d5 3.d4 c6 4.e3 Nf6 5.Nf3 Nbd7 6.Bd3 dxc4 7.Bxc4 b5 8.Bd3 a6
9.e4 c5 10.d5 c4 11.dxe6 cxd3 12.exd7+ Qxd7 13.Bg5 ( 13.e5 $5 ) ( 13.O-O 
Bb7 14.Bg5 Be7 15.Re1 Rd8 $11 ) 13...Be7 14.Bxf6 Bxf6 15.Nd5 Bb7 $1 16.
Nxf6+ gxf6 17.O-O O-O 18.Re1 Rfe8 19.Nd2 f5 $1 $11 20.Qh5 Bxe4 $2 ( 20...
fxe4 21.Qg5+ Kf8 22.Qh6+ Kg8 $11 ) 21.Qg5+ Kf8 22.Qf6 $1 $16 Qe6 23.Qh8+ 
Ke7 24.Qc3 Rac8 25.Qb4+ $2 ( 25.Qa5 $1 $16 ) 25...Qd6 26.Qb3 Kf8 27.Rad1 
1/2-1/2

[Event "3rd Costa Brava"]
[Site "Sant Feliu de Guixols ESP"]
[Date "1975.09.12"]
[Round "8"]
[White "Sigurjonsson, Gudmundur"]
[Black "Szabo, Laszlo"]
[Result "0-1"]
[WhiteElo "2475"]
[BlackElo "2545"]
[EventDate "1975.09.02"]
[PlyCount "60"]

1.e4 e6 2.d4 d5 3.Nc3 Bb4 4.e5 c5 5.a3 Bxc3+ 6.bxc3 Ne7 7.Nf3 Qa5 8.Bd2 
Nbc6 9.a4 c4 10.Be2 f6 11.exf6 gxf6 12.Nh4 Bd7 13.Bh5+ Kd8 14.O-O Kc7 15.
Qf3 e5 16.Qxf6 Raf8 17.Qh6 Ng6 18.Nf3 e4 19.Ng5 Nce7 20.Bxg6 Nxg6 21.Rab1 
Qxa4 22.Qg7 Qc6 23.Nf7 Rhg8 24.Qxh7 Qf6 25.Ne5 Nxe5 26.dxe5 Rxg2+ 27.Kh1 
Qe6 28.Be3 Rgg8 29.Qh6 Qg4 30.Qd6+ Kc8 0-1

[Event "3rd Costa Brava"]
[Site "Sant Feliu de Guixols ESP"]
[Date "1975.09.13"]
[Round "9"]
[White "Ciric, Dragoljub"]
[Black "Pomar Salamanca, Arturo"]
[Result "1/2-1/2"]
[WhiteElo "2460"]
[BlackElo "2450"]
[EventDate "1975.09.02"]
[PlyCount "42"]

1.e4 c6 2.d3 d5 3.Nd2 g6 4.Ngf3 Bg7 5.Be2 e5 6.O-O Ne7 7.b4 O-O 8.a4 Nd7 
9.a5 Qc7 10.Bb2 a6 11.Re1 h6 12.Bf1 dxe4 13.dxe4 c5 14.c3 Rd8 15.Qb3 Nf8 
16.Bc4 Be6 17.Bxe6 Nxe6 18.Nc4 Rd3 19.b5 Nd4 20.Nxd4 cxd4 21.Nb6 Rd8 
1/2-1/2

[Event "3rd Costa Brava"]
[Site "Sant Feliu de Guixols ESP"]
[Date "1975.09.13"]
[Round "9"]
[White "Soos, Bela"]
[Black "Sigurjonsson, Gudmundur"]
[Result "0-1"]
[WhiteElo "2425"]
[BlackElo "2475"]
[EventDate "1975.09.02"]
[PlyCount "80"]

1.d4 Nf6 2.c4 g6 3.Nc3 Bg7 4.e4 d6 5.h3 O-O 6.Nf3 e5 7.d5 a5 8.Be3 Na6 9.
g4 Ne8 10.Bd3 Qe7 11.Qe2 Nc5 12.Bc2 f5 13.gxf5 gxf5 14.exf5 Bxf5 15.Bxf5 
Rxf5 16.O-O-O Nf6 17.Rhg1 Nh5 18.Rg5 Raf8 19.Rdg1 Rxg5 20.Nxg5 Nf4 21.Bxf4
Rxf4 22.Nce4 Nxe4 23.Nxe4 Qh4 24.Rg4 Qxh3 25.Rxf4 Qh6 26.Qg4 Qxf4+ 27.Qxf4
exf4 28.b3 h6 29.Kd2 Kf7 30.c5 Be5 31.Ke2 Kg6 32.Kf3 Kf5 33.a4 h5 34.cxd6 
Bxd6 35.Nd2 b6 36.Nc4 Bb4 37.Nb2 h4 38.Nd3 h3 39.Nc1 Bd6 40.Ke2 h2 0-1

[Event "3rd Costa Brava"]
[Site "Sant Feliu de Guixols ESP"]
[Date "1975.09.16"]
[Round "11"]
[White "Szabo, Laszlo"]
[Black "Benko, Pal"]
[Result "1-0"]
[WhiteElo "2545"]
[BlackElo "2515"]
[EventDate "1975.09.02"]
[PlyCount "153"]

{Premio a la mejor partida} 
1.c4 e5 2.Nc3 Nf6 3.Nf3 d6 4.g3 ( 4.d4 e4 $6 5.Ng5 Bf5 6.g4 $1 $14 ) 4...
c6 5.Bg2 Nbd7 6.O-O Be7 7.d4 O-O ( 7...e4 $6 8.Nh4 $16 ) 8.e4 ( 8.Qc2 ) 
8...Re8 ( 8...Qc7 9.b3 a6 10.Bb2 b5 11.Qe2 $1 $14 ) ( 8...a6 9.h3 b5 10.c5
$5 dxc5 11.dxe5 $13 ) 9.h3 Bf8 10.Qc2 a6 11.Rd1 b5 $6 ( 11...Qc7 ) 12.dxe5
$1 ( 12.c5 $2 exd4 13.Nxd4 dxc5 14.Nxc6 Qb6 $17 ) 12...dxe5 13.Be3 {/\ c5}
13...Bb7 $6 ( 13...bxc4 14.Nd2 $16 ) ( 13...Qc7 ) 14.c5 $16 Qc7 ( 14...a5 
$142 ) 15.b4 a5 16.a3 axb4 17.axb4 Rxa1 18.Rxa1 Ra8 $2 ( 18...h6 $1 ) 19.
Rxa8 Bxa8 20.Qa2 Bb7 21.Ng5 Nb8 22.f4 $1 h6 23.Nf3 Nbd7 24.f5 $16 Be7 25.
g4 Qd8 26.Bf1 Nh7 27.Qa7 $1 Qa8 $8 28.Qxa8+ Bxa8 29.h4 Kf8 30.g5 hxg5 31.
hxg5 Ke8 32.Ne2 Nhf8 33.Nc1 Bd8 34.Nd3 f6 35.g6 $1 Nb8 36.Be2 Nfd7 37.Bd1 
Be7 38.Bb3 Bf8 39.Bf7+ Kd8 40.Nd2 Bb7 41.Kf2 Na6 42.Nb3 Nab8 43.Ke2 Na6 
44.Kd2 Nc7 45.Kc3 Na6 46.Nd2 Nab8 47.Nf1 Na6 48.Ng3 Nc7 49.Nh5 Ke7 50.Nf2 
Bc8 51.Ng4 Bb7 52.Bf2 Ba8 53.Bh4 Na6 ( 53...Ne8 54.Bxe8 Kxe8 55.Ngxf6+ $1 
Nxf6 56.Bxf6 $18 ) 54.Be6 Nab8 55.Ng3 $1 Bb7 56.Nf1 Ke8 57.Nd2 Kd8 58.Nf3 
Kc7 ( 58...Ke8 59.Bf7+ {/\ Nfe5+-} ) 59.Bg3 Kd8 ( 59...Bc8 60.Ngxe5 $1 
fxe5 61.Nxe5 Nxe5 62.Bxe5+ Kb7 63.Bd6 $1 $18 ) 60.Nfxe5 $1 $18 fxe5 61.
Nxe5 Nxe5 ( 61...Bc8 62.Nf7+ {/\ Nd6+-} ) 62.Bxe5 Nd7 63.Bd6 $1 Bxd6 64.
cxd6 Bc8 ( 64...c5 65.Bxd7 Kxd7 66.f6 $1 $18 ) 65.Bxd7 Bxd7 ( 65...Kxd7 
66.e5 ) 66.Kd3 $1 Ke8 67.Kd4 Kf8 68.Kc5 Ke8 69.Kb6 Kd8 70.Kb7 $22 Bc8+ ( 
70...c5 71.f6 $1 gxf6 72.g7 Be6 73.bxc5 $18 ) 71.Kxc6 Bd7+ 72.Kd5 Ke8 73.
Ke5 Bc6 74.Kf4 Kf8 75.e5 Bd5 76.e6 Bb3 77.Ke5 1-0